000
00283nam a2200109Ia 4500
008
210707s9999 xx 000 0 und d
041
_a
eng
082
_a
CD241
100
_a
Kenneth, C and others
245
_a
Management information systems
650
_a
Management Information System
999
_c
177275
_d
177275